Claude - C'est la vie Lyrics - Statistics

General Stats
  • This quiz has been taken 16 times
  • The average score is 210 of 278
Answer Stats
Answer % Correct
C'est
100%
c'est
100%
la
100%
vie
100%
a
80%
I
80%
me
80%
ça
73%
down
73%
goes
73%
up
73%
and
67%
around
67%
boy
67%
ci
67%
comme
67%
it
67%
just
67%
little
67%
un
67%
was
67%
but
60%
mélodie
60%
oh
60%
oui
60%
remember
60%
she
60%
to
60%
deux
53%
en
53%
et
53%
misérable
53%
trois
53%
chanter
47%
haut
47%
in
47%
je
47%
love
47%
miracle
47%
rose
47%
será
47%
sometimes
47%
bas
40%
qué
40%
sang
40%
sing
40%
voici
40%
voilà
40%
hear
33%
inside
33%
maman
33%
mama's
33%
moi
33%
my
33%
of
33%
petit
33%
rappelle
33%
still
33%
until
33%
voice
33%
will
33%
écoute
27%
it's
27%
j'étais
27%
noir
27%
over
27%
quel
27%
des
7%
soirées
0%
No matching quizzes found
Score Distribution
Percent of People with Each Score
Percentile by Number Answered
Your Score History
You have not taken this quiz